Statistics for Count to 10 in Indochina

Click here to take the quiz!

General Stats

  • This quiz has been taken 2 times
  • The average score is 10 of 60

Answer Stats

HintAnswer% Correct
Vietnameseba
100%
Thai
100%
Vietnamesebốn
50%
Vietnamesebảy
50%
Vietnamesechín
50%
Laogao
50%
Vietnamesehai
50%
Vietnamesemột
50%
Vietnamesemười
50%
Vietnamesenăm
50%
Laosaam
50%
Thaisăm
50%
Vietnamesesáu
50%
Thai
50%
Thaisìp
50%
Laosip
50%
Vietnamesetám
50%
Khmerbei
0%
Laobpaed
0%
Khmerbuon
0%
Laoched
0%
Thaichèt
0%
Burmesechout
0%
Burmesecole
0%
Khmerdap
0%
Malaydua
0%
Malayempat
0%
Malayenam
0%
Laohaa
0%
Laohok
0%
Thaihòk
0%
Thaikâo
0%
Burmesekhun-nhit
0%
Malaylapan
0%
Burmeselay
0%
Malaylima
0%
Khmermuoy
0%
Laoneung
0%
Burmesengarr
0%
Burmesenhit
0%
Thainùeng
0%
Thaipàet
0%
Khmerpii
0%
Khmerpram
0%
Khmerpram bei
0%
Khmerpram buon
0%
Khmerpram muoy
0%
Khmerpram pii
0%
Malaysatu
0%
Laosawng
0%
Malaysembilan
0%
Malaysepuluh
0%
Burmeseshit
0%
Laosii
0%
Thaisŏng
0%
Burmesetasal
0%
Burmesethone
0%
Malaytiga
0%
Burmesetit
0%
Malaytujuh
0%

Score Distribution

Percentile by Number Answered

Percent of People with Each Score

Your Score History

You have not taken this quiz